Loading...

Lord Jim /

Bibliographic Details
Main Author: Conrad, Joseph
Format: Printed Book
Language:English
Published: Chicago : J B Ferguson, 1920.
Subjects:
LEADER 00458nam a2200145Ia 4500
008 150623b xxu||||| |||| 00| 1 eng d
082 |a 823.8C1 
100 |a Conrad, Joseph 
245 |a Lord Jim /  |c Joseph Conrad 
260 |a Chicago :  |b J B Ferguson,  |c 1920. 
300 |a 309 p. 
650 |v Fiction 
942 |c BK 
999 |c 24360  |d 24360 
952 |0 0  |1 0  |4 0  |6 823_000000000000000_8C1_LOR  |7 0  |9 24359  |a UL  |b UL  |c ST2  |d 1998-09-24  |l 0  |o 823.8C1 LOR  |p 35466  |r 2012-10-27  |w 2012-10-27  |y BK